000 00914nam a2200253 a 4500
001 41980
003 BD-RjUL
005 20211209053458.0
008 711007s1971 ilua b 000 0 eng d
035 _a(BD-RjUL)42098
040 _aDLC
_cDLC
_dBD-RjUL
_beng
041 _aeng
082 0 0 _a301.361
_219
_bNER 1971
100 1 _aNeils, Elaine M.
_9129050
245 1 0 _aReservation to city :
_bIndian migration and Federal relocation /
_cElaine M. Neils.
260 _a[Chicago :
_bDept. of Geography, University of Chicago],
_c1971.
300 _ax, 198 p. :
_bill. ;
_c23 cm.
504 _aIncludes bibliographical references.
650 0 _aIndians of North America
_xUrban residence.
_9129051
650 0 _aIndians of North America
_xGovernment relations
_y1934-
_9129052
830 0 _aUniversity of Chicago geography research paper ;
_vno. 131
_9129053
942 _2ddc
_cBK
999 _c41980
_d41980